000 00900nam a2200277 i 4500
001 000016513
003 DO-SdBNP
005 20250204104418.0
007 ta
008 100305s1976 dr ac 000 0 spa d
040 _aDO-SdBNP
_bspa
_cBNPHU
_erda
082 _bR577r
_222
100 1 _aRímoli, Renato O
_936749
245 1 0 _aRoedores fosiles de la Hispaniola /
_cRenato O. Rímoli ; presentación Marcio Veloz Maggiolo.
264 1 _aSan Pedro de Macorís :
_bUniversidad Central del Este,
_c1976.
300 _a93 páginas
_bilustraciones, retratos
_c23 cm.
336 _2rdacontent
_atexto
_btxt
337 _2rdamedia
_asin mediación
_bn
338 _2rdacarrier
_avolumen
_bnc
490 1 _aCientífica
_v3
500 _aIncluye notas
590 _aInventariado, 2024/ YL
700 1 _aVeloz Maggiolo, Marcio,
_d1936-2021
_epresentación
_91104
910 _aYLockward
942 _2ddc
_cLBS1
999 _c16047
_d16047